000 00230 a2200085 4500
020 _a9783035622980
100 _aChristian Schmid
245 _aVOCABULARIES FOR AN URBANISING PLANET: THEORY BUILDING THROUGH
260 _bBIRKAUSER
_c 2023
999 _c13142
_d13142